000 00335nam a22001457a 4500
003 OSt
005 20211025173848.0
008 211025b |||||||| |||| 00| 0 eng d
020 _a0697391094
040 _cHU
082 _a364
245 _aTaking sides: crime and criminology
300 _aXXi360P
_bPC
_c25cm
942 _2ddc
_cBOOKS
_n0
999 _c14816
_d14816